The Oxford 3000 - Letter Q - Translate from Polish to English - Statystyki

Ogólne statystyki
  • Ten quiz został rozwiązany 24 razy
  • Średni wynik to 11 z 16
Statystyki odpowiedzi
Polish Angielski % Poprawnych
królowa queen
100%
pytanie; zapytanie; kwestionować; zakwestionować question
100%
kwalifikacja qualification
95%
cichy; spokojny; zaciszny; cisza; spokój quiet
95%
szybki quick
84%
jakość; cecha quality
79%
cicho; spokojnie quietly
79%
całkiem; dość quite
74%
szybko quickly
68%
kwalifikowany; wykwalifikowany qualified
63%
zakończyć; wyjść; przerwać quit
63%
kwalifikować; zakwalifikować; wykwalifikować qualify
58%
ilość; liczba; wielkość quantity
53%
cytat; cytować; zacytować; przytaczać quote
47%
ćwierć; ćwiartka; kwartał quarter
37%
cytat quotation
11%
Nie znaleziono quizów pasujących do podanych kryteriów
Rozkład punktacji
Procent ludzi z każdym wynikiem
Percentyl według liczby udzielonych odpowiedzi
Twoja historia wyników
Nie rozwiązałeś tego quizu